banner-ar

الاتصالات / (Record no. 60474)

MARC details
000 -الفاتح
حقل البيانات ثابتة الطول 01379nam a22003137a 4500
005 - وقت وتاريخ اخر تعامل مع التسجيلة
رقم الضبط 20240530110412.0
008 - عناصر البيانات ثابتة الطول - معلومات عامة
حقل البيانات ثابتة الطول 150217s2008 ua ob a 001 0 ara d
017 ## - رقم الايداع القانونى
رقم الايداع القانونى 2006/20251
المصدر ( الهيئة المختصة) مصر . دار الكتب المصرية
020 ## - الرقم الدولى المعيارى للكتب
الرقم الدولى المعيارى للكتاب 9771437445
040 ## - مصدر الفهرسة
وكالة الفهرسة الأصلية EG-CaGPL
041 0# - رمز اللغة
رمز لغة النص/ المسارات الصوتية أو العنوان الانفرادي ara
رمز لغة الترجمات و/او الاصلية المتوسطة للنص eng
082 04 - رقم تصنيف ديوى العشرى
رقم الطبعة 21
رقم التصنيف 621.382
رقم المادة ط/م ا
100 1# - المدخل الرئيسى - إسم شخصى
الإسم الشخصى ماديسون ، سايمون
245 12 - بيان العنوان
العنوان الاتصالات /
بيان المسئوليه,etc تاليف سايمون ماديسون ؛ كريس اوكسلايد ، سارة رايدلى ؛ ترجمة محمد على النقراشى ؛ اشراف عام داليا محمد ابراهيم
260 ## - PUBLICATION, DISTRIBUTION, ETC. (IMPRINT)
تاريخ النشر أو التوزيع 2008
300 ## - الوصف المادى
التعداد 39 ص :
تفاصيل ماديه اخرى للوعاء ايض ؛
أبعاد الوعاء 32 سم
490 ## - بيان السلسلة
عنوان السلسلة علوم القرن ال21
650 04 - المدخل الاضافى بالموضوع-مصطلح موضوعى
مصطلح موضوعي الاتصالات
650 04 - المدخل الاضافى بالموضوع-مصطلح موضوعى
مصطلح موضوعي الاتصالات الالكترونية
650 04 - المدخل الاضافى بالموضوع-مصطلح موضوعى
مصطلح موضوعي الاتصال السلكية و الاسلكية
650 04 - المدخل الاضافى بالموضوع-مصطلح موضوعى
مصطلح موضوعي الاتصالات عبر الاقمار الصناعية
650 04 - المدخل الاضافى بالموضوع-مصطلح موضوعى
مصطلح موضوعي وسائل الاعلام
700 1# - المدخل الاضافى - اسم شخصى
الإسم الشخصى اوكسلايد ، كريس
الدور محرر
700 1# - المدخل الاضافى - اسم شخصى
الإسم الشخصى رايدلى ، سارة
الدور محرر
700 0# - المدخل الاضافى - اسم شخصى
الإسم الشخصى محمد على النقراشى
الدور مترجم
700 0# - المدخل الاضافى - اسم شخصى
الإسم الشخصى داليا محمد ابراهيم
الدور مشرف
942 ## - عناصر المدخل الإضافي( كوها)
مصدر التصنيف او مخطط الترفيف Dewey Decimal Classification
Koha [default] item type كتاب
260 ## - PUBLICATION, DISTRIBUTION, ETC. (IMPRINT)
-- القاهرة :
-- نهضة مصر للطباعة و النشر و التوزيع ،
Holdings
حالة التراجع حالة الفقد حالة تلف ليس للاعارة المكان المؤقت الموقع الحالى تاريخ الاكتساب اجمالي اﻻعارات رقم الطلب الباركود تاريخ اخر مشاهدة تاريخ تفعيل السعر نوع وعاء كوها
        مكتبة القاهرة الكبرى مكتبة القاهرة الكبرى 02/17/2015   621.382 ط/م ا 159530 02/17/2015 02/17/2015 كتاب

Powered By

EGPV